000 00551nam a2200217Ia 4500
003 OSt
005 20220924143233.0
006 a|||||r|||| 00| 0
007 ta
008 220923b |||||||| |||| 00| 0 urd d
024 _a307387
037 _cTextual
040 _aARTS
_cARTS
_burd
041 _2urd
_aurd
082 _a2:55, 168L5
100 _aAmrohwi Mehmood Qaisar
_9215170
245 0 _aUsool fehrist -e- nigar
260 _c1975
942 _h2:55, 168L5
_cTEXL
_2CC
999 _c453746
_d453746